000
00324nam a22001337a 4500
082
_a
425
_b
GEO/C
100
_a
GEORGE, ANU
245
_a
CBSE CONTINUOUS & COMPREHENSIVE EVALUATION HAND BOOK FOR TEACHERS
260
_a
NEW DELHI
_b
CBSE
300
_a
150
520
_a
CCE HAND BOOK
650
_a
ENGLISH GRAMMAR
942
_c
BK
999
_c
7222
_d
7222